[Event "BCF-chT3 0809 (4NCL)"]
[Site "Hinckley Island"]
[Date "2009.03.22"]
[Round "8.1"]
[White "Crouch, Colin S"]
[Black "Hosken, Nigel"]
[Result "1/2-1/2"]
[WhiteElo "2365"]
[BlackElo "2057"]
[PlyCount "161"]
[EventDate "2008.10.18"]
[EventType "team-swiss"]
[EventRounds "11"]
[EventCountry "ENG"]
[SourceTitle "EXT 2010"]
[Source "ChessBase"]
[SourceDate "2010.11.25"]
[SourceVersion "1"]
[SourceVersionDate "2010.11.25"]
[SourceQuality "1"]
[WhiteTeam "Braille Chess Association"]
[BlackTeam "Gloucestershire Gambits"]
[WhiteTeamCountry "ENG"]
[BlackTeamCountry "ENG"]

1. d4 d5 2. Bf4 Nf6 3. e3 c6 4. Nd2 Bf5 5. Ngf3 e6 6. Ne5 Nfd7 7. g4 Bg6 8. Nxg6 hxg6 9. Bg2 Nb6 10. Nf3 Bd6 11. Ne5 Qe7 12. c3 N8d7 13. Nxd7 Nxd7 14. Bxd6 Qxd6 15. h3 Qc7 16. Qc2 Nb6 17. 0-0-0 0-0-0 18. Kb1 Kb8 19. Ka1 e5 20. dxe5 Qxe5 21. Rd4 Qc7 22. Rhd1 Rhe8 23. Bf1 Qe7 24. Qe2 Ka8 25. Qf3 g5 26. Qf5 f6 27. Qc2 Qc7 28. R4d2 Qe7 29. Bd3 Rh8 30. Bf1 Rhe8 31. b3 Qc7 32. Kb2 Qe7 33. a4 Nd7 34. Rd4 Kb8 35. Bg2 Nc5 36. b4 Ne6 37. R4d2 Kc7 38. Qb3 a6 39. Ra1 Ra8 40. Kc1 Reb8 41. Kd1 Nf8 42. Ke1 Nd7 43. Kf1 Ne5 44. Rd4 Re8 45. Rad1 Rad8 46. Kg1 Qf8 47. Rb1 b5 48. Ra1 Ra8 49. Rad1 Red8 50. Qc2 Qf7 51. e4 dxe4 52. axb5 axb5 53. Qxe4 Qe8 54. Qe3 Rxd4 55. cxd4 Nc4 56. Qg3+ Kb6 57. Qf3 Rd8 58. Qf5 Ne5 59. h4 Qg6 60. Qxg6 Nxg6 61. hxg5 fxg5 62. Rc1 Rd6 63. Rc5 Nf4 64. Rxg5 g6 65. Re5 Rxd4 66. Re4 Rxe4 67. Bxe4 g5 68. f3 c5 69. bxc5+ Kxc5 70. Kf2 Kd4 71. Ke1 Ke3 72. Kd1 Ne6 73. Kc2 Nd4+ 74. Kc3 Nxf3 75. Bc6 Ne5 76. Bxb5 Nxg4 77. Bd7 Nh6 78. Kc2 Kf4 79. Kd2 Nf5 80. Ke2 g4 81. Bxf5 1/2-1/2

[Event "BCF-chT3 0809 (4NCL)"]
[Site "Hinckley Island"]
[Date "2008.12.06"]
[Round "3.1"]
[White "Arnott, Jonathan"]
[Black "Hosken, Nigel"]
[Result "0-1"]
[WhiteElo "2127"]
[BlackElo "2024"]
[PlyCount "102"]
[EventDate "2008.10.18"]
[EventType "team-swiss"]
[EventRounds "11"]
[EventCountry "ENG"]
[SourceTitle "EXT 2010"]
[Source "ChessBase"]
[SourceDate "2010.11.25"]
[SourceVersion "1"]
[SourceVersionDate "2010.11.25"]
[SourceQuality "1"]
[WhiteTeam "WRO II"]
[BlackTeam "Gloucestershire Gambits"]
[WhiteTeamCountry "ENG"]
[BlackTeamCountry "ENG"]

1. e4 c5 2. d3 Nc6 3. g3 g6 4. Bg2 Bg7 5. f4 e6 6. Nf3 Nge7 7. 0-0 0-0 8. c3 Rb8 9. Be3 b6 10. d4 cxd4 11. cxd4 d5 12. e5 Ba6 13. Re1 Qc8 14. a3 Na5 15. b3 Qd7 16. Bd2 Rfc8 17. a4 Nac6 18. Na3 Nf5 19. Nc2 Bd3 20. Ne3 Ncxd4 21. Nxd4 Nxd4 22. Bb4 Nc2 23. Qxd3 Nxb4 24. Qd2 a5 25. Rac1 Rxc1 26. Rxc1 Rc8 27. Bf1 Rxc1 28. Qxc1 Qc6 29. Qxc6 Nxc6 30. Nc2 f6 31. Bb5 Na7 32. Bd7 Kf7 33. Nd4 fxe5 34. fxe5 Bxe5 35. Nc6 Nxc6 36. Bxc6 Ke7 37. Kf1 Kd6 38. Be8 Bd4 39. Ke2 e5 40. Bf7 e4 41. g4 g5 42. h3 Ke5 43. Be8 Bc3 44. Bc6 h6 45. Bb5 d4 46. Bc4 Bb4 47. Bb5 d3+ 48. Ke3 Bc5+ 49. Kd2 Kd4 50. Bd7 e3+ 51. Kd1 e2+ 0-1

[Event "BCF-chT4 0708 (4NCL)"]
[Site "England"]
[Date "2008.02.10"]
[Round "6.3"]
[White "Hosken, Nigel"]
[Black "Ross, Chris Neil"]
[Result "1/2-1/2"]
[WhiteElo "2010"]
[BlackElo "2141"]
[PlyCount "53"]
[EventDate "2007.09.15"]
[EventType "team-swiss"]
[EventRounds "11"]
[EventCountry "ENG"]
[SourceTitle "EXT 2009"]
[Source "ChessBase"]
[SourceDate "2008.11.26"]
[SourceVersion "1"]
[SourceVersionDate "2008.11.26"]
[SourceQuality "1"]
[WhiteTeam "Gloucestershire. Gambits"]
[BlackTeam "Braille Chess Association"]
[WhiteTeamCountry "ENG"]
[BlackTeamCountry "ENG"]

1. d4 Nf6 2. c4 e6 3. Nc3 Bb4 4. Bg5 h6 5. Bh4 c5 6. d5 d6 7. e3 0-0 8. Bd3 Bxc3+ 9. bxc3 e5 10. f3 Nbd7 11. Ne2 Qe8 12. e4 Nh7 13. 0-0 Nb6 14. a4 Bd7 15. a5 Nc8 16. Bc2 f5 17. exf5 Bxf5 18. Bf2 Ne7 19. Ng3 Bxc2 20. Qxc2 Qd7 21. Be3 Nf5 22. Nxf5 Rxf5 23. f4 exf4 24. Bxf4 Raf8 25. Bg3 Rxf1+ 26. Rxf1 Rxf1+ 27. Kxf1 1/2-1/2

[Event "BCF-chT4 0708 (4NCL)"]
[Site "England"]
[Date "2008.02.09"]
[Round "5.2"]
[White "Hosken, Nigel"]
[Black "Headlong, Timothy"]
[Result "1/2-1/2"]
[WhiteElo "2010"]
[BlackElo "2205"]
[PlyCount "145"]
[EventDate "2007.09.15"]
[EventType "team-swiss"]
[EventRounds "11"]
[EventCountry "ENG"]
[SourceTitle "EXT 2009"]
[Source "ChessBase"]
[SourceDate "2008.11.26"]
[SourceVersion "1"]
[SourceVersionDate "2008.11.26"]
[SourceQuality "1"]
[WhiteTeam "Gloucestershire. Gambits"]
[BlackTeam "Brown Jack"]
[WhiteTeamCountry "ENG"]
[BlackTeamCountry "ENG"]

1. d4 d5 2. c4 e6 3. Nc3 c5 4. cxd5 exd5 5. Nf3 Nc6 6. g3 Nf6 7. Bg2 Be7 8. 0-0 0-0 9. Bg5 cxd4 10. Nxd4 h6 11. Be3 Re8 12. Rc1 Bf8 13. Na4 Ne5 14. Nb5 Nc6 15. Bc5 Bg4 16. Re1 Qd7 17. Bxf8 Kxf8 18. Nc5 Qe7 19. Nd4 Nxd4 20. Qxd4 Rad8 21. Nd3 a6 22. Qc5 Qxc5 23. Nxc5 b6 24. Nxa6 Bxe2 25. Nc7 Re7 26. Nxd5 Nxd5 27. Bxd5 g6 28. Bc4 Rd2 29. Bxe2 Rexe2 30. Rxe2 Rxe2 31. b4 Rxa2 32. Rc6 Rb2 33. Rxb6 h5 34. h4 Ke7 35. Kg2 Rb3 36. b5 Kd7 37. Rb8 Ke6 38. b6 Kf6 39. Kf1 Rb2 40. Ke1 Kf5 41. Rb7 Ke6 42. Kf1 Kf6 43. Kg2 Rb3 44. Kg1 Rb1+ 45. Kg2 Rb3 46. Rb8 Ke6 47. b7 Kf6 48. Kf1 Rb2 49. Ke1 Kg7 50. Kd1 Rb6 51. Kc2 Rb5 52. Kc3 Rb6 53. Kd4 Rb1 54. f3 Rb4+ 55. Kc5 Rb1 56. g4 Rc1+ 57. Kd6 Rd1+ 58. Ke5 Re1+ 59. Kf4 Rb1 60. g5 Rb4+ 61. Ke5 Rb1 62. f4 Re1+ 63. Kd4 Rd1+ 64. Kc3 Rb1 65. f5 gxf5 66. Kd4 Rd1+ 67. Ke5 Re1+ 68. Kxf5 Rf1+ 69. Ke5 Re1+ 70. Kd4 Rd1+ 71. Kc3 Rb1 72. Kd2 Rb3 73. Kc2 1/2-1/2

[Event "BCF-chT4 0607 (4NCL)"]
[Site "Sunningdale"]
[Date "2007.03.24"]
[Round "7.82"]
[White "Hosken, Nigel"]
[Black "Turner, Caius AW"]
[Result "1/2-1/2"]
[WhiteElo "2002"]
[BlackElo "2110"]
[PlyCount "106"]
[EventDate "2006.09.16"]
[EventType "team"]
[EventRounds "11"]
[EventCountry "ENG"]
[SourceTitle "EXT 2008"]
[Source "ChessBase"]
[SourceDate "2007.11.25"]
[SourceVersion "1"]
[SourceVersionDate "2007.11.25"]
[SourceQuality "1"]
[WhiteTeam "Gloucestershire Gambits"]
[BlackTeam "Conquistadors"]
[WhiteTeamCountry "ENG"]
[BlackTeamCountry "ENG"]

1. d4 g6 2. c4 Nf6 3. Nc3 Bg7 4. e4 d6 5. Be2 0-0 6. Bg5 Nbd7 7. Qd2 c6 8. h4 h5 9. f3 a6 10. Nh3 b5 11. Nf2 Nb6 12. b3 Be6 13. c5 dxc5 14. dxc5 b4 15. Qxd8 Rfxd8 16. cxb6 bxc3 17. Rc1 Rdb8 18. Nd1 Nd7 19. Nxc3 Nxb6 20. Bxe7 f5 21. Bc5 Nd7 22. Be3 Re8 23. Kf2 Bxc3 24. Rxc3 fxe4 25. fxe4 Nf6 26. Bf3 Bf7 27. Rxc6 Nxe4+ 28. Bxe4 Rxe4 29. Bg5 Rf8 30. Rf6 Be6 31. Rxf8+ Kxf8 32. Rd1 Kf7 33. g3 Bg4 34. Rd2 a5 35. a3 Be6 36. Rd3 Re5 37. b4 axb4 38. axb4 Rd5 39. Ra3 Ke8 40. Be3 Kd7 41. Bc5 Bf5 42. Ke3 Kc6 43. Kf4 Kb5 44. Re3 Kc4 45. Re1 Kb5 46. Kg5 Rd3 47. Rg1 Rd5 48. Kf6 Kc4 49. Rf1 Rd3 50. Rg1 Rd5 51. Ke7 Rd7+ 52. Kf6 Rd5 53. Rc1+ Kb5 1/2-1/2

[Event "BCF-chT4 0607 (4NCL)"]
[Site "Sunningdale"]
[Date "2007.02.11"]
[Round "6.2"]
[White "Levicki, Jeffrey P"]
[Black "Hosken, Nigel"]
[Result "0-1"]
[WhiteElo "1950"]
[BlackElo "2002"]
[PlyCount "120"]
[EventDate "2006.09.16"]
[EventType "team"]
[EventRounds "11"]
[EventCountry "ENG"]
[SourceTitle "EXT 2008"]
[Source "ChessBase"]
[SourceDate "2007.11.25"]
[SourceVersion "1"]
[SourceVersionDate "2007.11.25"]
[SourceQuality "1"]
[WhiteTeam "Oxford III"]
[BlackTeam "Gloucestershire Gambits"]
[WhiteTeamCountry "ENG"]
[BlackTeamCountry "ENG"]

1. e4 c5 2. Nf3 Nc6 3. d4 cxd4 4. Nxd4 Nf6 5. Nc3 e5 6. Ndb5 d6 7. Bg5 a6 8. Na3 Be6 9. Bxf6 gxf6 10. Nd5 Qa5+ 11. c3 Bxd5 12. exd5 Ne7 13. Nc4 Qc7 14. Qa4+ b5 15. Nxd6+ Qxd6 16. Bxb5+ Kd8 17. Rd1 Qb6 18. Be8 Ra7 19. Bxf7 Qb5 20. Qh4 Bg7 21. Qg4 Nf5 22. Bh5 Nd6 23. b3 Qd7 24. Qb4 Bf8 25. Qh4 Rg8 26. g3 Be7 27. Qb4 Qc7 28. c4 Rb7 29. Qa4 Qb6 30. 0-0 Rc7 31. Rc1 Ne4 32. b4 Bxb4 33. a3 Bc5 34. Rb1 Qa7 35. Rb2 Bd4 36. Re2 Nc3 37. Qb4 Nxe2+ 38. Bxe2 Bc5 39. Qb2 Rb7 40. Qd2 Bd4 41. Qh6 Qb6 42. Bf3 Qd6 43. Be4 Rgg7 44. Bf5 Rgc7 45. Be6 Qe7 46. d6 Qxd6 47. Qxf6+ Qe7 48. Qh8+ Qe8 49. Qf6+ Re7 50. Bd5 Rb6 51. Qh4 Qf8 52. Bg2 Qf5 53. Bh3 Qg6 54. Bg2 Rb2 55. Be4 Qg7 56. Bf5 Kc7 57. c5 Rf7 58. Qe4 Qf6 59. g4 Qc6 60. Qd3 Qxc5 0-1

[Event "BCF-chT4 0607 (4NCL)"]
[Site "Sunningdale"]
[Date "2007.02.10"]
[Round "5.2"]
[White "Fenwick, Hugh"]
[Black "Hosken, Nigel"]
[Result "1/2-1/2"]
[WhiteElo "2035"]
[BlackElo "2002"]
[PlyCount "77"]
[EventDate "2006.09.16"]
[EventType "team"]
[EventRounds "11"]
[EventCountry "ENG"]
[SourceTitle "EXT 2008"]
[Source "ChessBase"]
[SourceDate "2007.11.25"]
[SourceVersion "1"]
[SourceVersionDate "2007.11.25"]
[SourceQuality "1"]
[WhiteTeam "Addlestone"]
[BlackTeam "Gloucestershire Gambits"]
[WhiteTeamCountry "ENG"]
[BlackTeamCountry "ENG"]

1. c4 Nf6 2. g3 d6 3. Bg2 g6 4. Nc3 Bg7 5. d3 0-0 6. Nf3 e5 7. 0-0 Nc6 8. Rb1 a5 9. a3 Nd4 10. e3 Nxf3+ 11. Bxf3 Bh3 12. Re1 c6 13. b4 axb4 14. axb4 Qd7 15. Na4 Ra6 16. b5 Ra7 17. Bd2 Bg4 18. Nb6 Bxf3 19. Qxf3 Qc7 20. Nd5 Nxd5 21. cxd5 cxb5 22. Rxb5 Qc2 23. Qe2 Ra2 24. Rd1 Ra3 25. Kf1 Rxd3 26. Ke1 e4 27. Ba5 Qc4 28. Rdb1 Ra8 29. Kf1 b6 30. Be1 Ra2 31. R1b4 Qxb5 32. Rxb5 Rxe2 33. Kxe2 Kf8 34. f3 f5 35. Bb4 Ke7 36. Rxb6 Rxd5 37. Rb7+ Kf8 38. Rd7 exf3+ 39. Kxf3 1/2-1/2

[Event "BCF-chT4 0607 (4NCL)"]
[Site "Sunningdale"]
[Date "2006.12.03"]
[Round "4.1"]
[White "Byron, Alan M"]
[Black "Hosken, Nigel"]
[Result "1-0"]
[WhiteElo "2260"]
[BlackElo "2008"]
[PlyCount "55"]
[EventDate "2006.09.16"]
[EventType "team"]
[EventRounds "11"]
[EventCountry "ENG"]
[SourceTitle "EXT 2008"]
[Source "ChessBase"]
[SourceDate "2007.11.25"]
[SourceVersion "1"]
[SourceVersionDate "2007.11.25"]
[SourceQuality "1"]
[WhiteTeam "Leicester"]
[BlackTeam "Gloucestershire Gambits"]
[WhiteTeamCountry "ENG"]
[BlackTeamCountry "ENG"]

1. d4 d5 2. c4 c6 3. e3 Nf6 4. Nf3 e6 5. Nc3 Nbd7 6. Be2 dxc4 7. Bxc4 b5 8. Bb3 Bb7 9. 0-0 a5 10. e4 b4 11. e5 bxc3 12. exf6 Nxf6 13. bxc3 Be7 14. Qe2 Qd7 15. Ne5 Qc8 16. Re1 Nd5 17. Bd2 0-0 18. c4 Nf6 19. c5 Nd5 20. Bc2 Qc7 21. Rab1 Bc8 22. Rb3 Bd7 23. Bxh7+ Kh8 24. Rh3 Nf6 25. Bg5 Qd8 26. Bxf6 Bxf6 27. Qh5 Bg5 28. Qxf7 1-0